01239nam a2200313 i 450000100060000000300090000600500170001500700030003200800410003502000180007604000220009408000250011608000320014124500700017326000640024330000210030749000140032850001030034261000520044565100500049770000480054770000380059571000520063371000460068583000220073185200330075399900170078695201220080318640ES-MaACL20250505180652.0t|020218s1993 sp ||||0| spa j a84-88306-03-2 aM-BN bspa cM-BN a32(460.11)"1990/..." a342.25(460.11)"1981"(094.5)03aLa Galicia del año 2000 / cManuel Fraga Iribarne ... [et al.]. aMadrid : bFundación Cánovas del Castillo, cD.L. 1993. a198 p ; c21 cm.1 aVeintiuno aIncluye (p. 127-191): Estatuto de autonomía de Galicia / comentado por Enrique Orduña Rebollo.17aGalicia. tEstatuto de autonomía, 1981.94459 4aGalicia-xPolítica y gobierno-y1990-987361 aFraga Iribarne, Manuel, d1922-201291937211 aOrduña Rebollo, Enrique.9872131 aGalicia. tEstatuto de autonomía, 1981.944592 aFundación Cánovas del Castillo.942440 aVeintiuno9180481 aES-MaACLjL-25215 bR.130744 c18640d18640 00104070aATENEOMbATENEOMcDEPO2d2008-01-17eSCl0oL-25215p1019074r2023-02-23 00:00:00w2023-02-23yMONOGRAFIA